[Event "AUTO-MASTER-3112"]
[Site "http://www.queenalice.com/game.php?id=1839626"]
[Date "2024.7.3"]
[Round "2"]
[White "CHESS1969"]
[Black "cerenzo72"]
[Result "1-0"]
[WhiteElo "2634"]
[BlackElo "2083"]

1. e4 e5 2. Nf3 d6 3. d4 Nd7 4. c4 Ngf6 5. Nc3 Be7 6. Be2 c6 7. O-O O-O 8. Qc2
Nb6 9. dxe5 dxe5 10. Nxe5 Qc7 11. f4 Bd6 12. Nd3 Nfd7 13. b3 f6 14. Be3 Nb8 15.
c5 1-0

[Event "AUTO-MASTER-3112"]
[Site "http://www.queenalice.com/game.php?id=1839627"]
[Date "2024.7.3"]
[Round "2"]
[White "cerenzo72"]
[Black "CHESS1969"]
[Result "0-1"]
[WhiteElo "2093"]
[BlackElo "2635"]

1. e4 c5 2. Nf3 d6 3. d4 cxd4 4. Nxd4 Nf6 5. Nc3 a6 6. Bc4 e6 7. O-O b5 8. Bb3
Be7 9. Be3 O-O 10. a3 Bb7 11. f3 Nbd7 12. Nce2 d5 13. exd5 Nxd5 14. Bf2 Qc7 15.
Bg3 Qc8 16. Rc1 Ne3 17. Qd3 Nxf1 18. Kxf1 Nc5 19. Qc3 Nxb3 20. Nxb3 Bd5 21. Nd2
Rd8 22. Qe3 Bc5 23. Qc3 Be7 24. Qe3 Qd7 25. Nf4 Rac8 26. Nxd5 Qxd5 27. Ne4 Rxc2
28. Rxc2 Qd1+ 29. Kf2 Qxc2+ 30. Qe2 Qc1 31. Be5 f5 0-1

[Event "AUTO-ELITE-2433"]
[Site "http://www.queenalice.com/game.php?id=1839844"]
[Date "2024.7.6"]
[Round "2"]
[White "Sexxy_Bunny"]
[Black "CHESS1969"]
[Result "1/2-1/2"]
[WhiteElo "2635"]
[BlackElo "2657"]

1. e4 c5 2. Nf3 d6 3. d4 cxd4 4. Nxd4 Nf6 5. Nc3 a6 6. Be3 e5 7. Nb3 Be6 8. f3
h5 9. Qd2 Nbd7 10. Nd5 Bxd5 11. exd5 g6 12. Be2 Bg7 13. O-O b6 14. c4 O-O 15.
Rae1 Re8 16. Bf2 Qc7 17. Bd3 Rac8 18. h3 a5 19. a4 Nh7 20. Re2 Qd8 21. Qd1 f5
22. Qe1 Bf6 23. h4 Bg7 24. Nc1 Bh6 25. b3 Nhf6 26. Bc2 Nc5 27. Na2 Rb8 28. Nc3
Na6 29. Kh1 Rb7 30. Nb5 Rg7 31. Rg1 Rf8 32. Qd1 Bf4 33. Qe1 Kh7 34. Qb1 Nc7 35.
Na3 Na6 36. Nb5 Bh6 37. Qe1 Nb4 38. Bb1 Bf4 39. Qf1 Bh6 40. Qe1 Bf4 41. Bc2 Bh6
42. Bb1 1/2-1/2

[Event "AUTO-ELITE-2433"]
[Site "http://www.queenalice.com/game.php?id=1839845"]
[Date "2024.7.6"]
[Round "2"]
[White "CHESS1969"]
[Black "Sexxy_Bunny"]
[Result "1-0"]
[WhiteElo "2656"]
[BlackElo "2630"]

1. e4 c5 2. Nf3 d6 3. d4 cxd4 4. Nxd4 Nf6 5. Nc3 a6 6. h3 e5 7. Nb3 Be6 8. Be3
Be7 9. f4 exf4 10. Bxf4 O-O 11. Qf3 Nbd7 12. O-O-O Rc8 13. g4 h6 14. Kb1 Re8 15.
Be2 b5 16. Rhf1 Qb6 17. Nd5 Bxd5 18. exd5 Ne5 19. Qg2 Ng6 20. Bg3 Bd8 21. Bd3
Ne5 22. Bf5 Rc4 23. Bf4 Rxf4 24. Rxf4 Nc4 25. Qf3 Ne3 26. Re1 Re5 27. Re2 a5 28.
c3 a4 29. Nd2 a3 30. Rd4 Nxf5 31. gxf5 axb2 32. Ne4 Nd7 33. Kxb2 Qb8 34. Qd3 Nc5
35. Nxc5 Rxe2+ 36. Qxe2 dxc5 37. Qe8+ Kh7 38. Re4 b4 39. cxb4 Qh2+ 40. Re2 1-0

[Event "AUTO-ELITE-2427"]
[Site "http://www.queenalice.com/game.php?id=1840130"]
[Date "2024.7.12"]
[Round "3"]
[White "Sexxy_Bunny"]
[Black "CHESS1969"]
[Result "1/2-1/2"]
[WhiteElo "2634"]
[BlackElo "2657"]

1. e4 c5 2. Nf3 d6 3. d4 cxd4 4. Nxd4 Nf6 5. Nc3 a6 6. Be3 e5 7. Nb3 Be6 8. f3
h5 9. Qd2 Nbd7 10. Nd5 Bxd5 11. exd5 g6 12. Be2 Bg7 13. O-O b6 14. c4 O-O 15.
Rae1 Re8 16. Bf2 Qc7 17. Bd3 a5 18. a4 Rab8 19. Qd1 e4 20. fxe4 Ng4 21. Bd4 Nge5
22. Be2 Nc5 23. Nd2 Qe7 24. b3 Qg5 25. Kh1 Rb7 26. Bg1 Rbe7 27. Nf3 Nxf3 28.
Bxf3 Qe5 29. Bf2 Qb2 30. Re2 Qc3 31. Re3 Qb2 32. Re2 Qc3 33. Re3 Qb2 34. Re2
1/2-1/2

[Event "AUTO-ELITE-2427"]
[Site "http://www.queenalice.com/game.php?id=1840131"]
[Date "2024.7.12"]
[Round "3"]
[White "CHESS1969"]
[Black "Sexxy_Bunny"]
[Result "1/2-1/2"]
[WhiteElo "2678"]
[BlackElo "2680"]

1. e4 c5 2. Nf3 d6 3. d4 cxd4 4. Nxd4 Nf6 5. Nc3 a6 6. h3 e5 7. Nb3 Be6 8. Be3
Be7 9. f4 exf4 10. Bxf4 O-O 11. Qf3 Nbd7 12. O-O-O Rc8 13. g4 h6 14. Kb1 Re8 15.
Be2 b5 16. Rhf1 Qb6 17. Nd5 Bxd5 18. exd5 Ne5 19. Qg2 Ng6 20. Bg3 Bd8 21. Bd3
Ne5 22. Bf5 Rc4 23. Bf4 Rxf4 24. Rxf4 Nc4 25. Qf3 Re3 26. Qf2 Rxh3 27. g5 hxg5
28. Bxh3 gxf4 29. Qxf4 g6 30. c3 Kg7 31. Bc8 a5 32. a3 Nh5 33. Qd4+ Nf6 34. Qf4
Nh5 35. Qd4+ Nf6 36. Qd3 Qf2 37. Nd2 Ne3 38. Rc1 Nexd5 39. Ba6 Nc7 40. Bc8 d5
41. Rh1 Qg2 42. Rd1 Be7 43. Nb3 a4 44. Nd4 Ne4 45. Bh3 Qg5 46. Qc2 Bc5 47. Bd7
Bxd4 48. cxd4 Qf4 49. Ka1 Qd6 50. Bc6 b4 51. axb4 Qxb4 52. Qxa4 Qd6 53. Bd7 Nf6
54. Bc8 Nce8 55. Re1 Qd8 56. Ba6 Ne4 57. Bd3 N8d6 58. Ka2 g5 59. Rh1 g4 60. Qc6
Qa5+ 61. Kb1 Nd2+ 62. Kc2 Nf3 63. Kb1 Nd2+ 64. Kc2 Nf3 65. Qxd6 Qd2+ 66. Kb1
Qxd3+ 67. Ka2 Qxd4 68. Qh6+ Kg8 69. b4 Qa7+ 70. Kb3 Qd4 71. Ka4 Qa7+ 72. Kb3 Qd4
73. Ka4 Qa7+ 74. Kb3 1/2-1/2

[Event "AUTO-ELITE-2430"]
[Site "http://www.queenalice.com/game.php?id=1840956"]
[Date "2024.7.27"]
[Round "2"]
[White "CHESS1969"]
[Black "Sexxy_Bunny"]
[Result "1-0"]
[WhiteElo "2663"]
[BlackElo "2623"]

1. e4 c5 2. Nf3 d6 3. d4 cxd4 4. Nxd4 Nf6 5. Nc3 a6 6. h3 e5 7. Nb3 Be6 8. Be3
Be7 9. f4 exf4 10. Bxf4 O-O 11. Qf3 Nbd7 12. O-O-O Rc8 13. g4 h6 14. Kb1 Re8 15.
Be2 b5 16. Rhf1 Qc7 17. Nd4 Ne5 18. Qg2 g5 19. Be3 Qb7 20. Bd3 b4 21. Nce2 a5
22. h4 Nfxg4 23. Bc1 gxh4 24. Nf4 Kh7 25. Qe2 Rg8 26. Ba6 Qd7 27. Bxc8 Qxc8 28.
b3 a4 29. Nfxe6 fxe6 30. Nf3 axb3 31. axb3 Rg7 32. Bb2 Qc5 33. Nd4 Qc8 34. Rf4
h5 35. Rh1 1-0

[Event "AUTO-ELITE-2430"]
[Site "http://www.queenalice.com/game.php?id=1840957"]
[Date "2024.7.27"]
[Round "2"]
[White "Sexxy_Bunny"]
[Black "CHESS1969"]
[Result "1/2-1/2"]
[WhiteElo "2632"]
[BlackElo "2657"]

1. e4 c5 2. Nf3 d6 3. d4 cxd4 4. Nxd4 Nf6 5. Nc3 a6 6. Be3 e5 7. Nb3 Be6 8. f3
h5 9. Qd2 Nbd7 10. Nd5 Bxd5 11. exd5 g6 12. Be2 Bg7 13. O-O b6 14. c4 O-O 15.
Rae1 Re8 16. Bf2 Rc8 17. Kh1 a5 18. a4 Nh7 19. Bd3 Bf6 20. Qc2 Bg5 21. Nc1 Nc5
22. Ne2 f5 23. g3 Nf6 24. Nc3 Rc7 25. Qd1 Rh7 26. Bc2 Rhe7 27. Re2 Bh6 28. Bg1
e4 29. Bxc5 bxc5 30. fxe4 Ng4 31. Qe1 Bg7 32. h3 Nf6 33. exf5 Rxe2 34. Nxe2 Qe7
35. Rf2 g5 36. Qxa5 Qe3 37. Rg2 h4 38. Qc3 Ng4 39. Qxe3 Nxe3 40. Rf2 Nxc2 41. f6
Bxf6 42. Ng1 Bd4 43. Rxc2 Re1 44. Rg2 Kf7 45. gxh4 gxh4 46. Rg4 Kf6 47. a5 Ra1
48. Kh2 Bxb2 49. Nf3 Be5+ 50. Nxe5 Kxe5 51. Rxh4 Rxa5 52. Kg3 Ra3+ 53. Kg4 Re3
54. Kg5 Rg3+ 55. Kh6 Rg6+ 56. Kxg6 1/2-1/2

[Event "Let's Play Chess!"]
[Site "http://www.queenalice.com/game.php?id=1852691"]
[Date "2025.2.23"]
[Round "-"]
[White "StarWarsJedi"]
[Black "CHESS1969"]
[Result "0-1"]
[WhiteElo "1858"]
[BlackElo "2687"]

1. e4 c5 2. Nf3 d6 3. d4 cxd4 4. Nxd4 Nf6 5. Nc3 a6 6. Rg1 b5 7. g4 Bb7 8. g5
Nxe4 9. Nxe4 Bxe4 10. a4 b4 11. Qe2 d5 12. f3 Bg6 13. f4 Qd7 14. Rg3 Be4 15. Bg2
Bxg2 16. Rxg2 Nc6 17. Be3 e6 18. O-O-O Bd6 19. Kb1 O-O 0-1

[Event "Let's Play Chess!"]
[Site "http://www.queenalice.com/game.php?id=1852692"]
[Date "2025.2.23"]
[Round "-"]
[White "StarWarsJedi"]
[Black "CHESS1969"]
[Result "0-1"]
[WhiteElo "1860"]
[BlackElo "2686"]

1. d4 Nf6 2. c4 e6 3. Nf3 d5 4. Nc3 c6 5. Bg5 h6 6. Bh4 dxc4 7. e4 g5 8. Bg3 b5
9. Be2 Bb7 10. h4 g4 11. Ne5 Nbd7 12. Nxd7 Qxd7 13. Be5 Qe7 14. b3 Rg8 15. Qc2
Nd7 16. Bg3 b4 17. Na4 Bg7 18. Rd1 c3 19. a3 a5 0-1

[Event "Let's Play Chess!"]
[Site "http://www.queenalice.com/game.php?id=1852693"]
[Date "2025.2.23"]
[Round "-"]
[White "CHESS1969"]
[Black "StarWarsJedi"]
[Result "1-0"]
[WhiteElo "2685"]
[BlackElo "1862"]

1. e4 c6 2. d4 d5 3. e5 Bf5 4. Nf3 e6 5. Be2 Nd7 6. O-O h6 7. c3 Ne7 8. a4 a6 9.
a5 Qc7 10. b4 g5 11. Nbd2 O-O-O 12. c4 dxc4 13. Nxc4 Nd5 14. Ne3 Nc3 15. Qd2
Bxb4 16. Ba3 c5 17. Rfc1 Bxa3 18. Rxa3 Nb1 19. Rxb1 1-0

[Event "Let's Play Chess!"]
[Site "http://www.queenalice.com/game.php?id=1852694"]
[Date "2025.2.23"]
[Round "-"]
[White "CHESS1969"]
[Black "StarWarsJedi"]
[Result "1-0"]
[WhiteElo "2684"]
[BlackElo "1864"]

1. e4 c5 2. Nf3 d6 3. d4 cxd4 4. Nxd4 Nf6 5. Nc3 a6 6. Be3 e5 7. Nb3 Be6 8. f3
h5 9. Nd5 Bxd5 10. exd5 Nbd7 11. Qd2 g6 12. O-O-O Nb6 13. Kb1 Nbxd5 14. Bg5 Be7
15. Bd3 Qc7 16. Rhe1 Nb6 17. a4 O-O-O 18. a5 Nbd7 19. Be3 1-0